书目信息 |
| 题名: |
葡萄牙史
|
|
| 作者: | 诺埃尔 著 ;南京师范学院教育系翻译组 译 | |
| 分册: | 上册 | |
| 出版信息: | 南京 江苏人民出版社 |
|
| 页数: | 227页 | |
| 开本: | 20cm | |
| 丛书名: | ||
| 单 册: | ||
| 中图分类: | K552 | |
| 科图分类: | ||
| 主题词: | 欧洲--历史 | |
| 电子资源: | ||
| ISBN: | ||
| 000 | 00732nam0 2200217 450 | |
| 001 | 0660419016 | |
| 005 | 20061115103834.93 | |
| 010 | @dCNY1.57(全2册) | |
| 100 | @a20060424d km y0chiy0120 ea | |
| 101 | 0 | @achi@ceng |
| 102 | @aCN@b320000 | |
| 102 | @aCN@b320000 | |
| 200 | 1 | @a葡萄牙史@h上册@Apu tao ya shi@f(美)查·爱·诺埃尔著@F(mei)cha·ai·nuo ai er zhu@g南京师范学院教育系翻译组译@Gnan jing shi fan xue yuan jiao yu xi fan yi zu yi |
| 210 | @a南京@c江苏人民出版社 | |
| 215 | @a227页@d20cm | |
| 606 | 0 | @a欧洲@x历史 |
| 690 | @aK552@v3 | |
| 701 | 0 | @a诺埃尔@Anuo ai er@4著 |
| 712 | 0 | @a南京师范学院教育系翻译组@Anan jing shi fan xue yuan jiao yu xi fan yi zu@4译 |
| 801 | 0 | @aCN@bPFT@c20061115 |
| 905 | @a10447@dK552@e1:1 | |
| 葡萄牙史.上册/(美)查·爱·诺埃尔著/南京师范学院教育系翻译组译.-南京:江苏人民出版社 |
| 227页;20cm |
| ISBN :CNY1.57(全2册) |
| ● |
| 相关链接 |
|
|
|
|
正题名:葡萄牙史
索取号:K552/1:1
 
预约/预借
| 序号 | 登录号 | 条形码 | 馆藏地/架位号 | 状态 | 备注 |
| 1 | 0168876 | 001415445 | 第二样本阅览室/ [索取号:K552/1:1] | 在馆 |